SMG4 - Statistics

General Stats
  • This quiz has been taken 234 times
  • The average score is 18 of 32
Answer Stats
SMG4 % Correct
Smg4
97%
Mario
96%
Smg3
96%
Meggy
93%
Bob
88%
Luigi
87%
Tari
81%
Smg1
78%
Smg2
78%
Boopkins
77%
Melony
75%
Axol
70%
Saiko
70%
Smg0
70%
Toad
65%
Bowser
64%
Wario
60%
Waluigi
58%
Chris
50%
Swag
50%
Niles
46%
Desti
41%
Shroomy
32%
Steve
31%
Princess Peach
28%
Francis
27%
Yoshi
23%
Kaizo
21%
Toadette
13%
Box Club Leader
6%
Hal Moniter
4%
Old Man Hobo
4%
No matching quizzes found
Score Distribution
Percent of People with Each Score
Percentile by Number Answered
Your Score History
You have not taken this quiz